[Event "10th Beirut Open-ch 2019"]
[Site "Beirut"]
[Date "2019.04.27"]
[Round "3.8"]
[White "Eiti, Bashir"]
[Black "Ghnatios, Ralph"]
[Result "1/2-1/2"]
[WhiteElo "2352"]
[BlackElo "1838"]
[PlyCount "184"]
[EventDate "2019.04.25"]
[EventType "swiss"]
[EventRounds "9"]
[EventCountry "LBN"]
[TimeControl "5400+30"]

1. e4 c5 2. c3 d5 3. exd5 Qxd5 4. Nf3 Nc6 5. d4 Bf5 6. Be3 cxd4 7. cxd4 Nf6 8. Nc3 Qa5 9. Qb3 O-O-O 10. Be2 e6 11. O-O Qb4 12. Ne5 Nxe5 13. dxe5 Nd7 14. Bxa7 Nxe5 15. Rfc1 Nc6 16. Bf3 Rd2 17. Nb5 Rxb2 18. Qxb4 Bxb4 19. Bxc6 bxc6 20. Rxc6+ Kb7 21. Rc7+ Ka6 22. Bd4 Rc2 23. a3 Rxc7 24. Nxc7+ Kb7 25. axb4 Kxc7 26. Bxg7 Rd8 27. f3 Kb6 28. Bc3 Bc2 29. Kf2 Rd1 30. Ra5 Rd5 31. Ra2 Bg6 32. Ra8 Rd7 33. Rb8+ Rb7 34. Rd8 Kb5 35. Rc8 Rd7 36. Rc5+ Kb6 37. Ke2 Rc7 38. Rxc7 Kxc7 39. Bf6 Kc6 40. Ke3 Kd5 41. Kf4 Bd3 42. h4 Bf1 43. g3 Be2 44. Ke3 Bc4 45. Kf4 Be2 46. h5 Kc4 47. Be7 Kd5 48. Ke3 Bc4 49. Kf4 Be2 50. Bf8 e5+ 51. Ke3 Bc4 52. f4 exf4+ 53. Kxf4 Ke6 54. Ke4 Be2 55. h6 Bh5 56. b5 Kd7 57. Kd5 Kc7 58. Kc5 Kb7 59. Bd6 Bg6 60. Be5 Bd3 61. Bd4 Bg6 62. Kd5 Bd3 63. Kc5 Bg6 64. g4 Bd3 65. g5 Bg6 66. Be3 Bd3 67. Kd4 Bg6 68. Kd5 Bd3 69. Ke5 Bg6 70. Kf6 Kc8 71. Ke7 Kb7 72. Kd6 Bd3 73. Kd5 Bxb5 74. g6 fxg6 75. Bg5 Kc7 76. Ke6 Bc4+ 77. Ke7 Kc8 78. Ke8 Bd3 79. Ke7 Be4 80. Kd6 Bd3 81. Ke6 Bc2 82. Kd6 Bd3 83. Ke7 Bc2 84. Ke6 Bd3 85. Ke7 Bc2 86. Ke8 Bd3 87. Kf7 Kd7 88. Kf8 Bc2 89. Kf7 Bd3 90. Kg7 Ke8 91. Kg8 Bc2 92. Kg7 Bd3 1/2-1/2

[Event "10th Beirut Open-ch 2019"]
[Site "Beirut"]
[Date "2019.04.27"]
[Round "3.9"]
[White "Dimitrijevic, Aleksandra"]
[Black "Attieh, Wael"]
[Result "1-0"]
[WhiteElo "2175"]
[BlackElo "1823"]
[PlyCount "71"]
[EventDate "2019.04.25"]
[EventType "swiss"]
[EventRounds "9"]
[EventCountry "LBN"]
[TimeControl "5400+30"]

1. d4 d5 2. c4 e6 3. Nf3 Nf6 4. g3 Be7 5. Bg2 O-O 6. O-O Nbd7 7. Ne5 c6 8. Nc3 h6 9. e4 dxe4 10. Nxe4 Nxe4 11. Bxe4 Nxe5 12. dxe5 Qxd1 13. Rxd1 Rd8 14. Rxd8+ Bxd8 15. Be3 Kf8 16. Rd1 Ke8 17. b4 a6 18. h4 Bc7 19. f4 Bd7 20. g4 Rd8 21. h5 Bc8 22. Rb1 Bd7 23. a4 Ra8 24. Kf2 Rb8 25. a5 Rd8 26. Kf3 Rb8 27. Ke2 Ke7 28. Ba7 Rd8 29. Bc5+ Ke8 30. Kf3 Rb8 31. Ba7 Rd8 32. Rg1 Ra8 33. Bc5 Bd8 34. g5 f5 35. exf6 gxf6 36. Bg6# 1-0

[Event "10th Beirut Open-ch 2019"]
[Site "Beirut"]
[Date "2019.04.27"]
[Round "3.10"]
[White "Djikerian, Rafi"]
[Black "EL Mahmoud, AbdulAziz"]
[Result "0-1"]
[WhiteElo "1833"]
[BlackElo "2108"]
[PlyCount "70"]
[EventDate "2019.04.25"]
[EventType "swiss"]
[EventRounds "9"]
[EventCountry "LBN"]
[TimeControl "5400+30"]

1. e4 g6 2. f4 Bg7 3. Nf3 d6 4. c3 a6 5. Bc4 b5 6. Bb3 c5 7. d3 Nc6 8. O-O Nf6 9. e5 dxe5 10. Nxe5 Nxe5 11. fxe5 Nd5 12. Qf3 Be6 13. Be3 Rc8 14. d4 c4 15. Bc2 Nxe3 16. Qxe3 O-O 17. Nd2 Qb6 18. Rae1 a5 19. a3 b4 20. axb4 axb4 21. Be4 Rcd8 22. Nf3 Bd5 23. Bxd5 Rxd5 24. Nd2 Qc7 25. Qf3 Ra5 26. cxb4 Rb5 27. Qc3 Qb7 28. b3 cxb3 29. Nxb3 Rxb4 30. Nc5 Qb5 31. Rd1 Bxe5 32. Nd7 Rc4 33. Qe3 Bxh2+ 34. Kxh2 Qxd7 35. d5 Qd6+ 0-1

[Event "10th Beirut Open-ch 2019"]
[Site "Beirut"]
[Date "2019.04.27"]
[Round "3.11"]
[White "Slim, Nadim"]
[Black "Moudallal, Tarek"]
[Result "0-1"]
[WhiteElo "1781"]
[BlackElo "2043"]
[PlyCount "70"]
[EventDate "2019.04.25"]
[EventType "swiss"]
[EventRounds "9"]
[EventCountry "LBN"]
[TimeControl "5400+30"]

1. e4 d5 2. exd5 Nf6 3. d4 Nxd5 4. c4 Nb6 5. Nf3 Bg4 6. Nc3 Nc6 7. Be3 e6 8. Be2 Be7 9. c5 Nd5 10. O-O O-O 11. h3 Bh5 12. Nd2 Bxe2 13. Qxe2 f5 14. Nf3 Bf6 15. Rad1 h6 16. Ne5 Nxc3 17. bxc3 Bxe5 18. dxe5 Qe7 19. Bd4 f4 20. Qg4 Rf5 21. Rde1 Rd8 22. Re4 Qf7 23. Kh2 h5 24. Qf3 g5 25. g4 hxg4 26. hxg4 Qh7+ 27. Kg2 Rf7 28. Rh1 Qg6 29. Ree1 Rdd7 30. Rh5 Rh7 31. Qh3 Nxd4 32. cxd4 Rxd4 33. Rxh7 Qxh7 34. Qb3 Rd5 35. Qxb7 f3+ 0-1

[Event "10th Beirut Open-ch 2019"]
[Site "Beirut"]
[Date "2019.04.27"]
[Round "3.12"]
[White "Novikova, Margarita"]
[Black "Bedrosian, Danielle"]
[Result "1-0"]
[WhiteElo "2032"]
[BlackElo "1676"]
[PlyCount "73"]
[EventDate "2019.04.25"]
[EventType "swiss"]
[EventRounds "9"]
[EventCountry "LBN"]
[TimeControl "5400+30"]

1. e4 b6 2. d4 Bb7 3. Bd3 g6 4. Nf3 Bg7 5. O-O d6 6. c3 e6 7. Re1 Nd7 8. Nbd2 Ne7 9. Nf1 O-O 10. Be3 h6 11. Qd2 Kh7 12. h4 Nf6 13. Qc2 Ng4 14. Bf4 f5 15. exf5 exf5 16. N1d2 Nd5 17. Bg3 Kh8 18. a3 Ndf6 19. c4 Nh5 20. Re6 Ngf6 21. Bh2 Re8 22. Rxe8+ Qxe8 23. Re1 Qf7 24. c5 dxc5 25. Ne5 Qd5 26. Nxg6+ Kh7 27. Nf3 Kxg6 28. Bc4 Qe4 29. Rxe4 Bxe4 30. Ne5+ Kh7 31. Bd3 cxd4 32. f3 Bxd3 33. Qxd3 c5 34. Qxf5+ Kg8 35. g4 Nxg4 36. Nxg4 d3 37. Qd5+ 1-0

[Event "10th Beirut Open-ch 2019"]
[Site "Beirut"]
[Date "2019.04.27"]
[Round "3.13"]
[White "Terzian, Kevork"]
[Black "Asmar, Elie"]
[Result "0-1"]
[WhiteElo "1731"]
[BlackElo "2009"]
[PlyCount "58"]
[EventDate "2019.04.25"]
[EventType "swiss"]
[EventRounds "9"]
[EventCountry "LBN"]
[TimeControl "5400+30"]

1. Nf3 Nf6 2. d3 c5 3. e4 d6 4. g3 Nc6 5. Bg2 g6 6. c3 Bg7 7. O-O O-O 8. Nbd2 Rb8 9. a4 a6 10. Ne1 b5 11. axb5 axb5 12. f4 Ng4 13. Qe2 b4 14. Nb1 bxc3 15. bxc3 Nd4 16. Qd1 Nb3 17. Ra3 c4 18. d4 Nxd4 19. cxd4 Rxb1 20. Rc3 Qb6 21. Nc2 e5 22. fxe5 dxe5 23. Rcf3 exd4 24. Na3 Rb4 25. h3 Ne5 26. R3f2 Be6 27. Bf4 d3 28. Kh2 Ra8 29. Nb1 Ra1 0-1

[Event "10th Beirut Open-ch 2019"]
[Site "Beirut"]
[Date "2019.04.27"]
[Round "3.15"]
[White "Hanna, Elie"]
[Black "Hariri, Nizar"]
[Result "0-1"]
[WhiteElo "1726"]
[BlackElo "1958"]
[PlyCount "72"]
[EventDate "2019.04.25"]
[EventType "swiss"]
[EventRounds "9"]
[EventCountry "LBN"]
[TimeControl "5400+30"]

1. e4 g6 2. d4 Bg7 3. f4 d6 4. Nf3 Nd7 5. Bc4 e6 6. f5 Nb6 7. Bd3 exf5 8. exf5 Ne7 9. Qe2 O-O 10. fxg6 hxg6 11. O-O Bf5 12. Bg5 Bxd3 13. Qxd3 Qd7 14. Nh4 Rae8 15. Nc3 Qg4 16. Nf3 Nc6 17. Ne2 Qe4 18. Qxe4 Rxe4 19. Rae1 Rfe8 20. Kf2 f6 21. Bd2 Nc4 22. Bc3 Ne3 23. Ng3 R4e7 24. Rh1 Nxc2 25. Rc1 N2b4 26. Rcd1 Nd5 27. Bd2 f5 28. Bg5 Bf6 29. h4 f4 30. Nf1 Re2+ 31. Kg1 Rxb2 32. h5 Ree2 33. N1d2 Bxg5 34. hxg6 Ne3 35. Rh2 Bf6 36. Rh7 Nxd1 0-1

[Event "10th Beirut Open-ch 2019"]
[Site "Beirut"]
[Date "2019.04.27"]
[Round "3.16"]
[White "Kaloust, Giorgio"]
[Black "Salman, Samer"]
[Result "1-0"]
[WhiteElo "1919"]
[BlackElo "1505"]
[PlyCount "71"]
[EventDate "2019.04.25"]
[EventType "swiss"]
[EventRounds "9"]
[EventCountry "LBN"]
[TimeControl "5400+30"]

1. d4 Nf6 2. c4 g6 3. Nc3 Bg7 4. Nf3 O-O 5. Bf4 d6 6. e3 c5 7. Be2 Nbd7 8. h3 cxd4 9. exd4 b6 10. O-O Bb7 11. d5 Nc5 12. Qc2 Bc8 13. Rad1 Bf5 14. Qc1 Re8 15. Nd4 Bd7 16. Bf3 Qc7 17. Rfe1 Rad8 18. Ncb5 Qb8 19. b4 Na6 20. Qa3 Qc8 21. Rc1 Nh5 22. Bxh5 Bxd4 23. Nxd4 gxh5 24. Re3 Kh8 25. b5 Nc7 26. Ree1 a5 27. Qf3 Rg8 28. Kh2 e5 29. dxe6 Bxe6 30. Nc6 Rd7 31. Qc3+ Rg7 32. Bh6 Ne8 33. Bxg7+ Nxg7 34. Re3 Bf5 35. Ne7 Qc5 36. Nxf5 1-0

[Event "10th Beirut Open-ch 2019"]
[Site "Beirut"]
[Date "2019.04.27"]
[Round "3.17"]
[White "Berbari, Imad"]
[Black "Nassar, Marc"]
[Result "0-1"]
[WhiteElo "1666"]
[BlackElo "1909"]
[PlyCount "136"]
[EventDate "2019.04.25"]
[EventType "swiss"]
[EventRounds "9"]
[EventCountry "LBN"]
[TimeControl "5400+30"]

1. b3 e5 2. Bb2 Nc6 3. e3 Nf6 4. Bb5 Bd6 5. Na3 a6 6. Bxc6 dxc6 7. Nc4 Qe7 8. Nf3 Nd7 9. O-O O-O 10. a4 Re8 11. Nxd6 cxd6 12. c4 Qf6 13. b4 Qh6 14. Ne1 Re6 15. f4 Nf8 16. Rf3 Rg6 17. f5 Rg4 18. Qe2 Qg5 19. e4 Nd7 20. d3 Qd8 21. Bc1 d5 22. h3 dxe4 23. dxe4 Rh4 24. a5 Nf6 25. Bg5 Qd4+ 26. Kh2 Rxe4 27. Qa2 Qxc4 28. Qd2 Rd4 29. Qe3 Re4 30. Qb6 Qd4 31. Qc7 Qd7 32. Qb6 Nd5 33. Qc5 f6 34. Bd2 Qe7 35. Qc2 Rd4 36. Rg3 Nxb4 37. Qb3+ Qf7 38. Bxb4 Qxb3 39. Rxb3 Bxf5 40. Nf3 Rd7 41. Rb2 Rad8 42. Rd2 Rxd2 43. Bxd2 e4 44. Nh4 Bc8 45. Be3 Rd3 46. Bb6 g5 47. Re1 f5 48. Nf3 h6 49. Ne5 Rd5 50. Nc4 Be6 51. Ne3 Rd2 52. h4 Rd3 53. hxg5 hxg5 54. Nf1 Kf7 55. Ng3 Kg6 56. Ne2 Bd5 57. Rc1 Rd2 58. Nc3 f4 59. Nxd5 cxd5 60. Kh3 Kf5 61. Bc7 g4+ 62. Kh2 f3 63. Rf1 Rxg2+ 64. Kh1 g3 65. Rd1 Rh2+ 66. Kg1 f2+ 67. Kf1 Rh1+ 68. Ke2 Rxd1 0-1

[Event "10th Beirut Open-ch 2019"]
[Site "Beirut"]
[Date "2019.04.27"]
[Round "3.18"]
[White "Kabalan, Farah"]
[Black "Hassweh, Mwaffaq"]
[Result "0-1"]
[WhiteElo "1602"]
[BlackElo "1866"]
[PlyCount "82"]
[EventDate "2019.04.25"]
[EventType "swiss"]
[EventRounds "9"]
[EventCountry "LBN"]
[TimeControl "5400+30"]

1. e4 e5 2. Nf3 Nf6 3. d4 exd4 4. e5 Ne4 5. Qxd4 d5 6. Qa4+ Bd7 7. Qb3 Bc6 8. Be3 Nd7 9. Bd4 Ndc5 10. Qe3 Ne6 11. Nbd2 Be7 12. Bd3 Nxd4 13. Nxd4 Bg5 14. f4 Nxd2 15. Qxd2 Bh6 16. O-O-O g6 17. Kb1 O-O 18. g4 Bd7 19. g5 Bg7 20. h4 c5 21. Nf3 Bg4 22. Be2 d4 23. Nh2 Be6 24. Ng4 Bxg4 25. Bxg4 h5 26. gxh6 Bxh6 27. h5 g5 28. Bf5 Kh8 29. c3 gxf4 30. Bc2 Qc7 31. Qd3 f5 32. exf6 Rxf6 33. Rde1 Qf7 34. Re5 f3 35. Rhe1 Be3 36. cxd4 cxd4 37. R5xe3 dxe3 38. Qxe3 f2 39. Rf1 Re8 40. Qc3 Re1+ 41. Qxe1 fxe1=Q+ 0-1

[Event "10th Beirut Open-ch 2019"]
[Site "Beirut"]
[Date "2019.04.27"]
[Round "3.19"]
[White "Habash, Mohamad"]
[Black "Arkadan, Adib"]
[Result "1/2-1/2"]
[WhiteElo "1806"]
[BlackElo "1686"]
[PlyCount "61"]
[EventDate "2019.04.25"]
[EventType "swiss"]
[EventRounds "9"]
[EventCountry "LBN"]
[TimeControl "5400+30"]

1. d4 Nf6 2. c4 g6 3. Nc3 Bg7 4. e4 d6 5. Bg5 O-O 6. f3 Nbd7 7. Qd2 a6 8. a4 e5 9. d5 Nc5 10. Ra3 a5 11. Nge2 Qd7 12. Nc1 Ne8 13. Nd3 Nxd3+ 14. Bxd3 b6 15. O-O f5 16. Be2 f4 17. Na2 h6 18. Bh4 g5 19. Be1 h5 20. g4 hxg4 21. fxg4 Nf6 22. h3 Qf7 23. Bf3 Qg6 24. Qg2 Kf7 25. Rd3 Rh8 26. Kf2 Ba6 27. b3 Rh6 28. Nc3 Rah8 29. Rh1 Qh7 30. Bd1 Rh4 31. Kg1 $11 1/2-1/2

[Event "10th Beirut Open-ch 2019"]
[Site "Beirut"]
[Date "2019.04.27"]
[Round "3.20"]
[White "Salameh, Sleiman"]
[Black "Moughames, Ronald"]
[Result "0-1"]
[WhiteElo "1621"]
[BlackElo "1721"]
[PlyCount "118"]
[EventDate "2019.04.25"]
[EventType "swiss"]
[EventRounds "9"]
[EventCountry "LBN"]
[TimeControl "5400+30"]

1. e4 c5 2. Nf3 Nc6 3. d4 cxd4 4. Nxd4 g6 5. Nxc6 bxc6 6. Qd4 Nf6 7. e5 Ng8 8. e6 Nf6 9. exf7+ Kxf7 10. Nd2 Qa5 11. c3 Bg7 12. Nb3 Qc7 13. Bf4 d6 14. Bc4+ Nd5 15. Bxd5+ cxd5 16. Qxd5+ Be6 17. Qf3 Qc4 18. Bxd6+ Bf6 19. Nd2 Qb5 20. Ne4 Bf5 21. Nxf6 exf6 22. O-O-O Be6 23. Rhe1 Rhe8 24. Qd3 Qa4 25. Ba3 Rad8 26. Qf3 Qb5 27. Rxd8 Rxd8 28. Qe3 Qd5 29. Qxa7+ Rd7 30. Qe3 Qxa2 31. Qxe6+ Qxe6 32. Rxe6 Kxe6 33. Bc5 Kd5 34. Bd4 f5 35. g3 Re7 36. Kc2 Re2+ 37. Kb3 Re8 38. Be3 Rb8+ 39. Kc2 Kc4 40. Bd4 g5 41. b4 Ra8 42. Kd2 Re8 43. h4 gxh4 44. gxh4 Re4 45. Bf6 f4 46. Bd4 f3 47. h5 Re2+ 48. Kd1 Kd3 49. Kc1 Re1+ 50. Kb2 Rh1 51. Kb3 Rxh5 52. Ka4 Kc4 53. Bf6 Rh2 54. Bd4 Rh1 55. Ka5 h5 56. Kb6 h4 57. Kc6 Rb1 58. Kd6 Rb2 59. Ke6 h3 0-1

[Event "10th Beirut Open-ch 2019"]
[Site "Beirut"]
[Date "2019.04.27"]
[Round "3.21"]
[White "Al Azmi, Khalaf"]
[Black "Sharbel, Marwan"]
[Result "0-1"]
[WhiteElo "1740"]
[BlackElo "1973"]
[PlyCount "84"]
[EventDate "2019.04.25"]
[EventType "swiss"]
[EventRounds "9"]
[EventCountry "LBN"]
[TimeControl "5400+30"]

1. e4 c5 2. Nf3 d6 3. d4 cxd4 4. Nxd4 Nf6 5. Nc3 a6 6. Bc4 e6 7. Bb3 Be7 8. O-O O-O 9. Be3 b5 10. a3 Bb7 11. f3 Nc6 12. Nxc6 Bxc6 13. Qd2 Qc7 14. Rad1 Nd7 15. Rfe1 Ne5 16. Bf4 Rfd8 17. Qe2 Bb7 18. Bc1 Rac8 19. Kh1 Nc4 20. Nb1 Na5 21. Ba2 Qxc2 22. Qxc2 Rxc2 23. Nc3 Bf6 24. e5 dxe5 25. Rxd8+ Bxd8 26. Bb1 Bh4 27. Rg1 Rf2 28. Bd3 Nb3 29. Nd1 Rxf3 30. Be2 Rf6 31. Be3 Nd4 32. Bg4 h6 33. Bd2 Bg5 34. Bb4 Rf4 35. Bh3 Rh4 36. Nf2 Be3 37. Rf1 Bxf2 38. Bxe6 Nxe6 39. Rxf2 Rf4 40. Kg1 Rxf2 41. Kxf2 Nf4 42. Bd6 f6 0-1

[Event "10th Beirut Open-ch 2019"]
[Site "Beirut"]
[Date "2019.04.27"]
[Round "3.22"]
[White "Muhssen, Fared Saleh"]
[Black "Haidar, Wassim"]
[Result "0-1"]
[WhiteElo "1898"]
[BlackElo "1707"]
[PlyCount "108"]
[EventDate "2019.04.25"]
[EventType "swiss"]
[EventRounds "9"]
[EventCountry "LBN"]
[TimeControl "5400+30"]

1. d4 Nf6 2. Nf3 b6 3. g3 Bb7 4. Bg2 e6 5. O-O Be7 6. c4 O-O 7. Nc3 d5 8. Ne5 Nbd7 9. Qa4 Nxe5 10. dxe5 Ne8 11. cxd5 exd5 12. Nxd5 Bxd5 13. Rd1 c6 14. e4 b5 15. Qc2 Qb6 16. Be3 Qa6 17. exd5 cxd5 18. Bxd5 Rc8 19. Qe4 Rc7 20. Rac1 g6 21. f4 Qa5 22. f5 Rxc1 23. Rxc1 gxf5 24. Qxf5 Ng7 25. Qg4 b4 26. Qe4 Rd8 27. Bb3 Qa6 28. Bc2 Qg6 29. Qxg6 hxg6 30. Be4 Rd7 31. Rc8+ Kh7 32. Kf2 Ne6 33. Bc6 Rd1 34. Ba4 Rh1 35. Kg2 Re1 36. Kf2 Rh1 37. h4 Rh2+ 38. Kf3 Rxb2 39. Bb3 Nd8 40. Rc7 Bf8 41. Rxa7 Kg8 42. Ra8 Nc6 43. Ke4 Kg7 44. Ra6 Nd8 45. Ra7 Re2 46. Kf3 Rxe3+ 47. Kf4 Rxe5 48. Rd7 Rf5+ 49. Ke4 Nc6 50. g4 Rf1 51. Rc7 Ne7 52. Rc4 Rg1 53. Kf3 Nd5 54. Rd4 Nc3 0-1

[Event "10th Beirut Open-ch 2019"]
[Site "Beirut"]
[Date "2019.04.27"]
[Round "3.24"]
[White "Jabr, Bernard"]
[Black "Hasan Ali Prince"]
[Result "1/2-1/2"]
[WhiteElo "1679"]
[BlackElo "1854"]
[PlyCount "140"]
[EventDate "2019.04.25"]
[EventType "swiss"]
[EventRounds "9"]
[EventCountry "LBN"]
[TimeControl "5400+30"]

1. e4 c5 2. c3 d5 3. exd5 Qxd5 4. d4 cxd4 5. cxd4 Nf6 6. Nc3 Qd8 7. Nf3 e6 8. Bd3 Be7 9. Bd2 a6 10. a3 b5 11. b4 Bb7 12. Rc1 Nbd7 13. Qe2 Rc8 14. h4 Nb6 15. Be3 Nfd5 16. Nxd5 Bxd5 17. Ne5 Bf6 18. Bxb5+ axb5 19. Qxb5+ Kf8 20. Qxb6 Rxc1+ 21. Bxc1 Qxb6 22. Nd7+ Ke7 23. Nxb6 Bxg2 24. Rg1 Bc6 25. Be3 Bxh4 26. Rxg7 Bf6 27. Bg5 h5 28. Nc4 Bxg5 29. Ne5 Be8 30. Rxg5 h4 31. Rg2 h3 32. Rh2 f6 33. Nd3 Rh4 34. f4 Bg6 35. Kd2 Kd6 36. Ke3 Kd5 37. Nc5 Bf5 38. Nd7 Rh6 39. b5 Rg6 40. Nb6+ Kd6 41. Nc4+ Kd7 42. Nb6+ Kc7 43. Nc4 Rg3+ 44. Kf2 Rc3 45. Ne3 Rxa3 46. Nxf5 exf5 47. Rh1 Rd3 48. Ke2 Rb3 49. Kf2 Kd6 50. b6 Kd5 51. b7 Kxd4 52. Rxh3 Rxb7 53. Rh6 Rb2+ 54. Kf3 Rb3+ 55. Kf2 Ke4 56. Rxf6 Kxf4 57. Rf8 Rb2+ 58. Kf1 Kg4 59. Rg8+ Kf3 60. Ke1 f4 61. Rf8 Re2+ 62. Kf1 Re4 63. Rh8 Ke3 64. Rh2 f3 65. Rh8 Rc4 66. Re8+ Kf4 67. Rf8+ Kg3 68. Rg8+ Rg4 69. Rxg4+ Kxg4 70. Kf2 Kf4 1/2-1/2

[Event "10th Beirut Open-ch 2019"]
[Site "Beirut"]
[Date "2019.04.29"]
[Round "4.1"]
[White "Ivanov, Mikhail M"]
[Black "Bernadskiy, Vitaliy"]
[Result "0-1"]
[WhiteElo "2372"]
[BlackElo "2587"]
[Annotator "TA"]
[PlyCount "112"]
[EventDate "2019.04.25"]
[EventType "swiss"]
[EventRounds "9"]
[EventCountry "LBN"]
[SourceTitle "playchess.com"]
[Source "ChessBase"]
[SourceQuality "1"]

{[%evp 9,112,29,28,27,35,0,0,0,13,7,12,12,14,0,-2,-18,-15,-18,-21,-25,-25,-25,-25,-25,-25,-13,-20,-90,-97,-89,-93,-91,-8,-50,-48,-51,-56,-108,-97,-143,-142,-144,-139,-154,-147,-148,-145,-162,-160,-160,-160,-168,-168,-168,-168,-168,-168,-168,-168,-168,-168,-168,-168,-168,-141,-178,-168,-101,-39,-69,-27,-27,-27,-27,-27,-238,-237,-188,-49,-122,-119,-169,-155,-218,-27,-27,-27,-27,-27,-27,-27,-53,-72,-64,-27,-27,-27,-67,-59,-29979,-29980,-29978,-29979,-6179,-5052]} 1. d4 d5 2. c4 e6 3. Nc3 Bb4 4. cxd5 exd5 5. Bf4 Nf6 6. e3 {D31: Queen's Gambit Declined: Semi-Slav without ...Nf6 (+ Marshall Gambit and Noteboom) and Exchange Variation lines without ...Nf6} Bf5 7. Qa4+ (7. Nge2 {looks sharper.} Nc6 8. a3 Be7 9. Ng3 Bg6 10. Bd3) 7... Nc6 8. Bb5 {The position is equal.} Bxc3+ (8... O-O 9. Nge2 Bxc3+ 10. bxc3 Ne7 11. Ng3 Bd7 12. Rb1 b6 13. O-O Bxb5 14. Qxb5 {1-0 (46) Moiseenko,A (2640)-Bernadskiy,V (2547) Kiev 2018}) 9. bxc3 O-O 10. Nf3 Ne7 11. h3 $146 ({Predecessor:} 11. O-O Ne4 12. Qa3 Ng6 13. Bg3 Bg4 14. Ne5 Nxg3 15. hxg3 Nxe5 16. dxe5 {1-0 (39) Heinich,M (1920)-Tscharotschkin,M (2130) Bad Woerishofen 1995}) 11... Ne4 12. Rc1 Ng6 13. Bh2 Nh4 14. Nxh4 Qxh4 15. O-O c6 16. Be2 $1 Rfe8 17. Qd1 Re6 $36 {[%mdl 2048] Black has good play.} 18. Bg4 (18. Bd3 $11) 18... Bxg4 $17 19. Qxg4 Qxg4 20. hxg4 b5 ({Black should try} 20... Nd2 $17 21. Rfd1 Nc4) 21. Rfe1 Nd2 22. Rc2 Nc4 23. Bf4 (23. g5 $15) 23... h6 24. g5 hxg5 25. Bxg5 f6 26. Bf4 g5 $1 {[%cal Rg5f4]} 27. Bg3 a5 28. Rce2 Rae8 29. Bh2 f5 $1 30. Be5 Nxe5 31. dxe5 Rxe5 $19 {[%mdl 4096] Endgame KRR-KRR} 32. a4 bxa4 33. Ra1 Re4 34. Rea2 Kf7 35. Rxa4 Rxa4 36. Rxa4 {KR-KR} Ra8 37. Kf1 Ke6 38. Ke2 Kd6 (38... c5 $17 39. c4 dxc4) 39. g4 $15 Kc5 {Hoping for ...Kb5.} 40. gxf5 Kb5 41. Rg4 a4 42. Kd3 $2 (42. Rb4+ $1 $11 Kc5 43. f6) 42... a3 $19 {Threatens to win with ...a2.} 43. Rg1 Rf8 (43... a2 $19 44. Ra1 Kc5) 44. Rb1+ (44. f4 $1 $15) 44... Kc5 $17 45. Ra1 {[#]} Ra8 $1 ({Don't take} 45... Rxf5 46. f4 $15) 46. f3 {[#]} (46. Kc2 $17 {might work better.}) 46... a2 $2 ({Better is} 46... Kd6 $1 $19 {...Ke5 is the strong threat.} 47. f6 Ke6) 47. f6 $11 Kd6 48. Kc2 $1 Ke6 49. Kb2 Rf8 50. Rxa2 Rxf6 51. f4 g4 52. Kc2 g3 {And now ...Rh6 would win.} 53. Kd3 Rg6 {White must now prevent ...g2.} 54. e4 $2 {[%mdl 8192]} (54. Ra1 $15) 54... g2 55. f5+ Ke5 56. fxg6 g1=Q {Accuracy: White = 45%, Black = 67%.} 0-1

[Event "10th Beirut Open-ch 2019"]
[Site "Beirut"]
[Date "2019.04.29"]
[Round "4.2"]
[White "Bajarani, Ulvi"]
[Black "El Jawich, Amro"]
[Result "1-0"]
[WhiteElo "2470"]
[BlackElo "2238"]
[Annotator "TA"]
[PlyCount "109"]
[EventDate "2019.04.25"]
[EventType "swiss"]
[EventRounds "9"]
[EventCountry "LBN"]
[SourceTitle "playchess.com"]
[Source "ChessBase"]
[SourceQuality "1"]

{[%evp 14,109,42,51,40,-37,-22,-32,-7,-19,-15,-34,-41,-20,19,0,4,12,11,-6,22,17,14,6,52,47,42,0,0,0,0,0,0,0,14,14,6,0,7,0,0,0,0,0,0,-28,-26,-14,-14,-29,-31,-22,0,0,0,0,0,0,0,0,0,0,0,0,8,8,8,8,8,8,8,8,8,8,8,8,8,8,8,0,0,0,0,0,0,0,8,8,8,8,8,8,8,8,1533,8,29979,29980]} 1. d4 Nf6 2. c4 g6 3. Nc3 Bg7 4. e4 d6 5. h3 O-O 6. Be3 c5 7. Nf3 cxd4 8. Nxd4 Nc6 {E90: King's Indian: Classical: Early deviations and 6 h3} 9. Nf3 (9. Be2 $14) (9. Be2 Bd7 10. O-O Nxd4 11. Bxd4 Bc6 12. Qc2 a5 13. Rad1 Nd7 14. Bxg7 Kxg7 15. Bg4 Ne5 16. c5 Nxg4 17. hxg4 Qc8 18. cxd6 Qxg4 19. dxe7 Rfe8 {1-0 (43) Cheparinov,I (2711)-Amin,B (2709) Zagreb 2018}) 9... Qa5 {Hoping for ...Nxe4.} 10. Qd2 a6 {Black is slightly better.} 11. Rc1 $146 ({Predecessor:} 11. Bd3 Bd7 12. O-O Rab8 13. a3 Rfc8 14. b4 Qd8 {½-½ (69) Christensen,B (2243)-Jakobsen,P (2255) Denmark 2013}) 11... b5 12. cxb5 axb5 13. Nxb5 Bd7 (13... Qxa2 {seems wilder.} 14. Bd3 Bb7 15. O-O Qa5 16. Qe2 d5) 14. Qxa5 Rxa5 15. Nc3 Rb8 16. b3 Ra3 17. Bc4 Nb4 18. O-O Nxa2 19. Ra1 Rba8 20. Rxa2 Rxa2 21. Nxa2 Rxa2 22. e5 Ne4 23. Rd1 Be6 (23... Bc6 {with more complications.} 24. Rc1 Bxe5 25. b4 Ra3 26. Nxe5 dxe5 27. Bxf7+ Kxf7 28. Rxc6 Rb3) 24. Bxe6 fxe6 25. Bd4 Bxe5 26. Nxe5 dxe5 27. Bxe5 Nxf2 $11 {[%mdl 4096] Endgame KRB-KRN} 28. Rd7 Kf8 29. b4 Ke8 30. Rd4 Re2 {Threatening ...Nxh3+!} 31. Bc7 Ne4 32. Kf1 Rc2 (32... Nc3 {keeps more tension.} 33. Rh4 Ra2 34. Be5 Nd5 35. g4 Ne3+) 33. Rxe4 Rxc7 34. Rxe6 {KR-KR} Kd7 35. Re2 Rc4 36. Rb2 Kc6 37. Kf2 Kb5 38. Re2 Rxb4 39. Rxe7 {[#] Black must now prevent Rb7+.} Rh4 $1 40. Kg3 Rh5 41. Rc7 Kb6 42. Rc3 Rg5+ 43. Kf3 Kb7 44. g3 Kb6 45. g4 Kb7 46. h4 Ra5 47. Kf4 h6 48. Re3 g5+ 49. Kg3 gxh4+ 50. Kxh4 {aiming for Re6.} Kc7 51. Re6 Kd7 52. Rxh6 {Threatens to win with Rf6.} Ke7 $1 53. Rh5 Ra6 $2 {[%mdl 8192]} (53... Ra8 $11) 54. Rf5 $18 {Strongly threatening g5.} Rf6 $2 {[%mdl 8192] [#]} (54... Ra8 $11) 55. Rxf6 {Accuracy: White = 66%, Black = 55%.} 1-0

[Event "10th Beirut Open-ch 2019"]
[Site "Beirut"]
[Date "2019.04.29"]
[Round "4.3"]
[White "Cherniaev, Alexander"]
[Black "Khodashenas, Mersad"]
[Result "1/2-1/2"]
[WhiteElo "2401"]
[BlackElo "2467"]
[Annotator "TA"]
[PlyCount "61"]
[EventDate "2019.04.25"]
[EventType "swiss"]
[EventRounds "9"]
[EventCountry "LBN"]
[SourceTitle "playchess.com"]
[Source "ChessBase"]
[SourceQuality "1"]

{[%evp 13,61,0,0,0,8,7,21,24,16,10,34,18,28,14,30,13,10,14,12,0,30,0,60,27,35,30,39,33,29,33,32,22,29,18,27,26,25,17,23,25,25,20,37,20,29,13,16,7,8,2]} 1. e4 e5 2. Nf3 Nf6 3. Nxe5 d6 4. Nf3 Nxe4 5. Bd3 Nf6 6. h3 Be7 7. O-O O-O 8. c3 {C42: Petroff Defence: 3 Nxe5 and unusual White 3rd moves} h6 (8... b6 9. Bc2 Bb7 10. d4 Nbd7 11. Nbd2 Re8 12. Nc4 Bf8 13. Bg5 h6 14. Bh4 g6 15. Ne3 Bg7 {½-½ (30) Navara,D (2712)-Gelfand,B (2739) Wijk aan Zee 2012}) 9. Bc2 Be6 10. d4 c5 $146 ({Predecessor:} 10... d5 11. Re1 c6 12. Bf4 Nbd7 13. Nbd2 Rc8 14. Nf1 Nb6 15. Ne5 Nc4 {1-0 (26) Mammadov,Z (2351)-Smirnov,V (1957) Kirishi 2011}) 11. Nbd2 Nbd7 {[%cal Bb8d7,Bd7c5,Bc5e4][%mdl 32]} 12. Re1 Re8 13. Nf1 Bf8 14. Bf4 Qb6 15. Qd2 Bd5 16. dxc5 Nxc5 17. Nd4 Be4 (17... Rxe1 $11 18. Rxe1 Bxa2) 18. Bxe4 (18. b4 {feels hotter.} Ncd7 19. Ba4 Bc6 20. Bb3 a5 21. a3) 18... Ncxe4 19. Qc2 d5 20. Be3 Rac8 21. Rad1 a6 22. Re2 Qc7 23. Rde1 b5 24. f3 Nd6 25. Bf2 Rxe2 26. Rxe2 Qd7 27. Qd1 Re8 28. Rxe8 Nfxe8 29. Qe2 Nc7 30. Ne3 Nc4 31. b3 {Accuracy: White = 46%, Black = 63%.} 1/2-1/2